000 00566nam a2200241 a 4500
001 nice12345678
003 IN_TiNIC
005 20260116011308.0
008 050524s0000 laha grp 000 0 urd
020 _a
_c100
082 0 0 _a239
_bALT
100 _aAlter, D E
245 _aYesu Masih Khuda Ka Beta Kis Tarah Ho Sakta Hai?
260 _aLahore
_bB S Press
_c0000
300 _a48p
500 _aincludes index and biblioraphy
505 2 _aIndex
650 _aApologetics
700 1 _aAlter, D E
902 _bSRS
942 _cBK
999 _c257
_d257